Online Catalogue and eLibrary

French feminist thought : (Record no. 15)

MARC details
000 -LEADER
fixed length control field 00645pam a2200241 a 4500
001 - CONTROL NUMBER
control field 3366593
005 - DATE AND TIME OF LATEST TRANSACTION
control field 20231115020042.0
008 - FIXED-LENGTH DATA ELEMENTS--GENERAL INFORMATION
fixed length control field 870213s1987 enk b 001 0 eng
020 ## - INTERNATIONAL STANDARD BOOK NUMBER
ISBN 0631149724 :
020 ## - INTERNATIONAL STANDARD BOOK NUMBER
ISBN 0631149732 (pbk.) :
040 ## - CATALOGING SOURCE (பட்டியலாக்க மூலம்)
Original cataloging agency DLC
Transcribing agency DLC
Modifying agency DLC
082 00 - DDC Classification
Class No. 305.4/2/0944
DDC Edition Number 19
100 ## - MAIN ENTRY--PERSONAL NAME
Personal name Moi Trail
245 00 - TITLE STATEMENT
Title French feminist thought :
Remainder of title a reader /
Statement of responsibility, etc. edited by Toril Moi.
250 ## - EDITION STATEMENT
Edition statement 7 th
260 ## - PUBLICATION, DISTRIBUTION, ETC.
Place of publication, distribution, etc. Oxford, UK ;
-- New York, NY, USA :
Name of publisher, distributor, etc. Blackwell,
Date of publication, distribution, etc. 1987.
300 ## - PHYSICAL DESCRIPTION
Extent (e.g. Volumes, Pages etc.) x, 260 p. ;
500 ## - GENERAL NOTE
General note Translated from the French.
650 #0 - SUBJECT ADDED ENTRY--TOPICAL TERM
Topical term or geographic name entry element Feminism
650 #0 - SUBJECT ADDED ENTRY--TOPICAL TERM
Topical term or geographic name entry element Feminism.
700 1# - ADDED ENTRY--PERSONAL NAME
Personal name Moi, Toril.
Relator term (Role) Editor
942 ## - Koha item type (Biblio)
Koha item type Books in Stacks (Lending)
Holdings
Lost status Damaged status Collection code Home library Current library Shelving location Date acquired Full call number Accession Number Item type
    Lending WERC Library WERC Library Education Cupboard 11/15/2023 305.420 2012 Books in Stacks (Lending)

© WERC Library